| 000 | 00689nam a2200289Ia 4500 | ||
|---|---|---|---|
| 008 | 171025s9999 xx 000 0 und d | ||
| 020 | _a9781554074112 | ||
| 050 | _a1.4 | ||
| 050 | _bW926 2008 | ||
| 100 | _aWorek, Michael | ||
| 245 | _aNobel : | ||
| 245 | _ba century of prize winners / | ||
| 245 | _cby Michael Worek. | ||
| 260 | _aCanada : | ||
| 260 | _bFirefly, | ||
| 260 | _c2008 | ||
| 300 | _a320 pages : | ||
| 300 | _bcolored illustrations ; | ||
| 300 | _c25cm. | ||
| 500 | _aIncludes index . | ||
| 650 | _aNobel prize winners -- | ||
| 650 | _aNobel prize. | ||
| 650 | _aNobel prizes -- | ||
| 650 | _xBiography. | ||
| 650 | _xHistory. | ||
| 700 | _aTitle. | ||
| 999 |
_c344734 _d344734 |
||